South Eastern Kenya University

Library Online Public Access Catalogue


Physical and mechanistic organic chemistry / (Record no. 1998)

MARC details
000 -LEADER
fixed length control field 00488cam a2200157 i 4500
020 ## - ISBN
International Standard Book Number 0521226422
020 ## - ISBN
International Standard Book Number 0521295963 (pbk.)
050 00 - LIBRARY OF CONGRESS CALL NUMBER
Classification Number QD476
Item Number .J58
100 1# - MAIN ENTRY--Author
Personal name Jones, Richard A. Y.
Dates associated with a name 1936-
245 10 - TITLE
Title Physical and mechanistic organic chemistry /
Statement of responsibility, etc Richard A. Y. Jones.
260 ## - PUBLICATION, DISTRIBUTION, ETC.(IMPRINT)
Place of publication, distribution, etc Cambridge ;
-- New York :
Name of publisher, distributor, etc Cambridge University Press,
Date of publication, distribution, etc 1979.
300 ## - PHYSICAL DESCRIPTION
Extent x, 357 p. :
500 ## - GENERALNOTE
General note Includes index.
650 #0 - SUBJECT--TOPIC
Topical term following geographic name as entry element Physical organic chemistry ,Chemical reactions
942 ## - ADDED ENTRY ELEMENTS(KOHA)
Koha item type General circulation
Holdings
Source of classification or shelving scheme Not for loan Location (home branch) Sublocation (holding branch) Date accessioned Cost, normal purchase price Full call number Barcode Cost, replacement price Koha item type Public note
Library of Congress Classification   Main Campus Library Main Campus Library 26/08/2014 2173.26 QD476 .J58 2017/020496 2673.00 General circulation amm
Kitui, Kenya.
+254736116989
library@seku.ac.ke